Представление документа в формате MARC21

Поле Инд. ПП Название Значение
Тип записи a
Библиографический уровень b
001 Контрольный номер 6006564249f14aacb5354dd27ef7fe0a
005 Дата корректировки 20210908160242.5
024 80 a Стандартный номер DOI: 10.1088/0954-3899/25/11/307
040 a Служба первич. каталог. Scopus
041 0_ a Код языка текста rus
097 a Костяева О.Г.
100 1_ a Автор Butler-Moore K.
100 1_ a Автор Aryaeinejad R.
100 1_ q Полное имя Оганесян Юрий Цолакович
g Прочие сведения РИНЦ AuthorID: 21136 (http://elibrary.ru/author_profile.asp?id= 21136); Scopus Author ID: 35401658500 (https://www.scopus.com/authid/detail.uri?authorId=35401658500)
u Дополнение Оганесян Ю. Ц.; Oganessian Yu Ts
a Автор Oganessian Yu. Ts.
i 000091251
100 1_ a Автор Ter-Akopian G. M.
g Прочие сведения РИНЦ AuthorID: 23906 (http://elibrary.ru/author_profile.asp?id= 23906); Scopus Author ID: 7006139367 (https://www.scopus.com/authid/detail.uri?authorId=7006139367)
i 000091259
q Полное имя Тер-Акопьян Гурген Мкртычевич
u Дополнение Тер-Акопьян Г. М.; Ter-Akopian Gurgen M.
245 10 a Заглавие High-spin states in neutron-rich even-even Pd isotopes
773 18 t Название источника Journal of Physics G: Nuclear and Particle Physics
d Место и дата издания 1999
g Прочая информация V. 25. - № 11. - P. 2253 - 2269
w Контрольный № источника ef8e195b47054011a70e823af1bdce48
901 t Тип документа b
952 c Вид литературы статья в журнале